The effect of an oxytocin derivative (Z-Pro-D-Leu) on morphine dependence and on neurotransmitter metabolism in the mouse brain

Elmentve itt :
Bibliográfiai részletek
Szerzők: Kovács L. Gábor
Szontágh Lucia
Baláspiri L.
Telegdy Gyula
Dokumentumtípus: Könyv része
Megjelent: Magyar Kémikusok Egyesülete Biokémiai Szakosztály Budapest 1981
Sorozat:Drugs, biochemistry and metabolism : Colloquium
Tárgyszavak:
mtmt:1077778
Online Access:http://publicatio.bibl.u-szeged.hu/33624
LEADER 00927naa a2200241 i 4500
001 publ33624
005 20250613150811.0
008 250613s1981 hu o 000 eng d
020 |a 9638191201 
024 7 |a 1077778  |2 mtmt 
040 |a SZTE Publicatio Repozitórium  |b hun 
041 |a eng 
100 1 |a Kovács L. Gábor 
245 1 4 |a The effect of an oxytocin derivative (Z-Pro-D-Leu) on morphine dependence and on neurotransmitter metabolism in the mouse brain  |h [elektronikus dokumentum] /  |c  Kovács L. Gábor 
260 |a Magyar Kémikusok Egyesülete Biokémiai Szakosztály  |b Budapest  |c 1981 
300 |a 4 
300 |a 21-24 
490 0 |a Drugs, biochemistry and metabolism : Colloquium 
650 4 |a Általános orvostudomány 
700 0 1 |a Szontágh Lucia  |e aut 
700 0 1 |a Baláspiri L.  |e aut 
700 0 1 |a Telegdy Gyula  |e aut 
856 4 0 |u http://publicatio.bibl.u-szeged.hu/33624/1/aok_klny_1415_81.pdf  |z Dokumentum-elérés